[Event "Mitropa Cup 17th"]
[Site "Montecatini Terme"]
[Date "1997.??.??"]
[Round "8"]
[White "Baumegger, Siegfried"]
[Black "Teske, Henrik"]
[Result "1/2-1/2"]
[WhiteElo "2485"]
[BlackElo "2515"]
[PlyCount "39"]
[EventDate "1997.11.07"]
[EventType "team-tourn"]
[EventRounds "9"]
[EventCountry "ITA"]
[Source "ChessBase"]
[SourceDate "1998.03.09"]

1. d4 e6 2. Nf3 f5 3. g3 Nf6 4. Bg2 d5 5. O-O Nbd7 6. c4 c6 7. b3 Bd6 8. Ba3
Bxa3 9. Nxa3 Qe7 10. Nc2 O-O 11. Nce1 b6 12. Nd3 Bb7 13. Rc1 Rac8 14. Nfe5 Rfd8
15. Nxd7 Nxd7 16. Qd2 dxc4 17. Rxc4 Ba6 18. Rxc6 Rxc6 19. Bxc6 Bxd3 20. Bxd7
1/2-1/2

[Event "Mitropa Cup 17th"]
[Site "Montecatini Terme"]
[Date "1997.??.??"]
[Round "8"]
[White "Benitah, Yohan"]
[Black "Balogh, Tomas"]
[Result "1/2-1/2"]
[WhiteElo "2350"]
[BlackElo "2390"]
[PlyCount "49"]
[EventDate "1997.11.07"]
[EventType "team-tourn"]
[EventRounds "9"]
[EventCountry "ITA"]
[Source "ChessBase"]
[SourceDate "1998.03.09"]

1. d4 Nf6 2. c4 g6 3. Nc3 Bg7 4. e4 d6 5. f3 O-O 6. Bg5 Na6 7. Bd3 e5 8. Nge2
c6 9. Qd2 exd4 10. Nxd4 Nc5 11. Be2 Ne6 12. Nxe6 Bxe6 13. O-O Qa5 14. Rfd1 Rad8
15. Kh1 Rd7 16. a3 Ne8 17. Bf4 Be5 18. Bh6 Bg7 19. Bxg7 Nxg7 20. b4 Qb6 21. Qd4
Qxd4 22. Rxd4 Rfd8 23. Rad1 Kf8 24. Kg1 Ke7 25. g3 1/2-1/2

[Event "Mitropa Cup 17th"]
[Site "Montecatini Terme"]
[Date "1997.??.??"]
[Round "8"]
[White "Ekstroem, Roland"]
[Black "Palac, Mladen"]
[Result "1/2-1/2"]
[WhiteElo "2475"]
[BlackElo "2575"]
[PlyCount "21"]
[EventDate "1997.11.07"]
[EventType "team-tourn"]
[EventRounds "9"]
[EventCountry "ITA"]
[Source "ChessBase"]
[SourceDate "1998.03.09"]

1. d4 Nf6 2. c4 e6 3. Nc3 Bb4 4. Qc2 O-O 5. a3 Bxc3+ 6. Qxc3 b6 7. Bg5 Ba6 8.
e3 d6 9. Qc2 Nbd7 10. Ne2 c5 11. dxc5 1/2-1/2

[Event "Mitropa Cup 17th"]
[Site "Montecatini Terme"]
[Date "1997.??.??"]
[Round "8"]
[White "Krupkova, Petra"]
[Black "Mantovani, Renzo"]
[Result "1-0"]
[WhiteElo "2275"]
[BlackElo "2375"]
[PlyCount "50"]
[EventDate "1997.11.07"]
[EventType "team-tourn"]
[EventRounds "9"]
[EventCountry "ITA"]
[Source "ChessBase"]
[SourceDate "1998.03.09"]

1. e4 c5 2. c3 d5 3. exd5 Qxd5 4. d4 Nc6 5. Nf3 Nf6 6. Be3 cxd4 7. cxd4 e6 8.
Nc3 Qd6 9. a3 Be7 10. Bd3 O-O 11. O-O Rd8 12. Qe2 b6 13. Rad1 Bb7 14. Bg5 h6
15. Bh4 Rac8 16. Rfe1 Qf4 17. Bg3 Qg4 18. h3 Qh5 19. Bc4 Re8 20. d5 Na5 21. Bb5
Red8 22. dxe6 Rxd1 23. Nxd1 fxe6 24. Qxe6+ Kh8 25. Re5 Bxf3 1-0

[Event "Mitropa Cup 17th"]
[Site "Montecatini Terme"]
[Date "1997.??.??"]
[Round "8"]
[White "Mrva, Martin"]
[Black "Marzolo, Cyril"]
[Result "1/2-1/2"]
[WhiteElo "2395"]
[BlackElo "2320"]
[PlyCount "38"]
[EventDate "1997.11.07"]
[EventType "team-tourn"]
[EventRounds "9"]
[EventCountry "ITA"]
[Source "ChessBase"]
[SourceDate "1998.03.09"]

1. e4 e6 2. d3 d5 3. Nd2 c5 4. Ngf3 Nc6 5. g3 Nf6 6. Bg2 g6 7. O-O Bg7 8. Re1
O-O 9. c3 a5 10. b3 dxe4 11. dxe4 Ng4 12. Qc2 a4 13. Nc4 axb3 14. Qxb3 Na5 15.
Nxa5 Qxa5 16. e5 c4 17. Qxc4 Nxe5 18. Nxe5 Bxe5 19. Bd2 Rd8 1/2-1/2

[Event "Mitropa Cup 17th"]
[Site "Montecatini Terme"]
[Date "1997.??.??"]
[Round "8"]
[White "Mrva, Vladimir"]
[Black "Le Roux, Jean Pierre"]
[Result "0-1"]
[WhiteElo "2275"]
[BlackElo "2265"]
[PlyCount "124"]
[EventDate "1997.11.07"]
[EventType "team-tourn"]
[EventRounds "9"]
[EventCountry "ITA"]
[Source "ChessBase"]
[SourceDate "1998.03.09"]

1. e4 e5 2. Nf3 Nf6 3. d4 exd4 4. e5 Ne4 5. Qxd4 d5 6. exd6 Nxd6 7. Bg5 Nc6 8.
Qe3+ Be7 9. Bxe7 Qxe7 10. Qxe7+ Kxe7 11. Nc3 Bg4 12. Be2 Bxf3 13. Bxf3 Nd4 14.
Bd1 Rhe8 15. Kd2 Kf8 16. b3 Rad8 17. Kc1 b5 18. a3 c5 19. Kb2 a5 20. Rf1 b4 21.
axb4 axb4 22. Nd5 Ne4 23. Nb6 Nc3 24. Ra7 Kg8 25. Bf3 h6 26. Nd7 Ncb5 27. Rb7
Nd6 28. Ra7 N4b5 29. Ra5 c4 30. Bc6 c3+ 31. Kb1 Nd4 32. Rd5 Ne4 33. Rxd4 Nd2+
34. Rxd2 cxd2 35. Rd1 Re1 36. Bf3 Rxd7 37. c3 bxc3 38. Kc2 Rc7 39. b4 Rxd1 40.
Bxd1 Kf8 41. b5 Ke7 42. Bf3 Kd6 43. b6 Rc6 44. b7 Rb6 45. Kxc3 Rxb7 46. Kxd2
Rb4 47. Ke3 Ke5 48. Be2 f5 49. g3 Rb3+ 50. Bd3 g5 51. f4+ gxf4+ 52. gxf4+ Ke6
53. h3 Rxd3+ 54. Kxd3 Kd5 55. Ke3 Kc4 56. Ke2 Kd4 57. Kf3 Kd3 58. Kg3 Ke3 59.
Kh4 Kxf4 60. Kh5 Kg3 61. Kxh6 Kh4 62. Kg6 f4 0-1

[Event "Mitropa Cup 17th"]
[Site "Montecatini Terme"]
[Date "1997.??.??"]
[Round "8"]
[White "Naumann, Alexander"]
[Black "Brod, Manfred"]
[Result "1/2-1/2"]
[WhiteElo "2385"]
[BlackElo "2270"]
[PlyCount "67"]
[EventDate "1997.11.07"]
[EventType "team-tourn"]
[EventRounds "9"]
[EventCountry "ITA"]
[Source "ChessBase"]
[SourceDate "1998.03.09"]

1. d4 d5 2. c4 dxc4 3. e3 Nf6 4. Bxc4 e6 5. Nf3 c5 6. O-O a6 7. Qe2 Nc6 8. dxc5
Bxc5 9. e4 b5 10. Bb3 Bb7 11. Nc3 b4 12. Na4 Ba7 13. Bg5 h6 14. Bh4 g5 15. Bg3
g4 16. Bh4 Bb8 17. e5 gxf3 18. Qxf3 Bxe5 19. Nc5 Rb8 20. Nxb7 Nd4 21. Ba4+ Kf8
22. Nxd8 Nxf3+ 23. gxf3 Rxd8 24. Rac1 Rd2 25. Rc6 Rxb2 26. Bb3 Kg7 27. Rxa6 Nd5
28. Re1 Bf6 29. Bxf6+ Nxf6 30. Ra7 Kg6 31. Rb7 Nd5 32. Rd1 Rd8 33. Rb5 Rc8 34.
Rb7 1/2-1/2

[Event "Mitropa Cup 17th"]
[Site "Montecatini Terme"]
[Date "1997.??.??"]
[Round "8"]
[White "Orsag, Milan"]
[Black "Bellini, Fabio"]
[Result "0-1"]
[WhiteElo "2350"]
[BlackElo "2415"]
[PlyCount "62"]
[EventDate "1997.11.07"]
[EventType "team-tourn"]
[EventRounds "9"]
[EventCountry "ITA"]
[Source "ChessBase"]
[SourceDate "1998.03.09"]

1. d4 d5 2. Nf3 Nf6 3. c4 e6 4. Nc3 Be7 5. Bg5 O-O 6. e3 Nbd7 7. Qc2 c5 8.
O-O-O b6 9. cxd5 Nxd5 10. Bxe7 Qxe7 11. Nxd5 exd5 12. dxc5 Nxc5 13. Kb1 Bd7 14.
Bd3 g6 15. Nd4 Ba4 16. b3 Bd7 17. h4 Rfc8 18. Qe2 a5 19. h5 a4 20. hxg6 hxg6
21. Rh2 axb3 22. axb3 Nxd3 23. Rxd3 Bb5 24. Nxb5 Qe5 25. Nd4 Qxh2 26. g3 Qh1+
27. Rd1 Qe4+ 28. Kb2 Qe7 29. Kb1 Ra3 30. Qb2 Qe4+ 31. Nc2 Rxc2 0-1

[Event "Mitropa Cup 17th"]
[Site "Montecatini Terme"]
[Date "1997.??.??"]
[Round "8"]
[White "Sarno, Spartaco"]
[Black "Ptacnikova, Lenka"]
[Result "1-0"]
[WhiteElo "2400"]
[BlackElo "2295"]
[PlyCount "85"]
[EventDate "1997.11.07"]
[EventType "team-tourn"]
[EventRounds "9"]
[EventCountry "ITA"]
[Source "ChessBase"]
[SourceDate "1998.03.09"]

1. c4 e5 2. Nc3 Nc6 3. g3 g6 4. Bg2 Bg7 5. e3 d6 6. Nge2 Nge7 7. d3 O-O 8. O-O
Bg4 9. h3 Be6 10. Nd5 Qd7 11. Kh2 Rae8 12. Rb1 Nd8 13. b4 Nc8 14. b5 f5 15. f4
c6 16. bxc6 bxc6 17. Ndc3 e4 18. dxe4 Bxc4 19. Qc2 fxe4 20. Nxe4 d5 21. Rd1 Qe7
22. Nf2 Nd6 23. e4 Nb5 24. Nd3 Na3 25. Bxa3 Qxa3 26. Ndc1 Qe3 27. h4 Re7 28.
Rb8 Rfe8 29. Qd2 Qc5 30. Ng1 Rd7 31. Nb3 Qd6 32. Qb4 Qxb4 33. Rxb4 Bc3 34. Rxc4
dxc4 35. Rxd7 cxb3 36. axb3 a5 37. e5 Ne6 38. Bxc6 Nd4 39. Bd5+ Kh8 40. Kg2 Rb8
41. e6 Re8 42. e7 Nf5 43. Rd8 1-0

[Event "Mitropa Cup 17th"]
[Site "Montecatini Terme"]
[Date "1997.??.??"]
[Round "8"]
[White "Stevic, Hrvoje"]
[Black "Moor, Roger"]
[Result "1-0"]
[WhiteElo "2400"]
[BlackElo "2280"]
[PlyCount "93"]
[EventDate "1997.11.07"]
[EventType "team-tourn"]
[EventRounds "9"]
[EventCountry "ITA"]
[Source "ChessBase"]
[SourceDate "1998.03.09"]

1. e4 Nf6 2. e5 Nd5 3. d4 d6 4. c4 Nb6 5. exd6 exd6 6. Nc3 Be7 7. h3 O-O 8. Nf3
Bf5 9. Bd3 Bxd3 10. Qxd3 Nc6 11. b3 Bf6 12. O-O d5 13. c5 Nc8 14. Rb1 N8e7 15.
b4 Qd7 16. b5 Na5 17. Re1 c6 18. Bf4 Ng6 19. Bg3 Nc4 20. bxc6 bxc6 21. Rb3 Bd8
22. Reb1 Na5 23. Rb4 f6 24. Nd2 Re8 25. Ra4 Qc8 26. Bd6 Nh4 27. Ne2 Qf5 28. Nf4
Qxd3 29. Nxd3 Re2 30. Rb2 Nf5 31. Kf1 Re8 32. Bf4 Re7 33. g4 Nh4 34. Rbb4 Ng6
35. Bg3 Kf7 36. Ra3 Rb7 37. Rxb7+ Nxb7 38. Ra6 Ne7 39. Bd6 Nxd6 40. cxd6 Nc8
41. Rxc6 Nb6 42. Nb3 Rc8 43. Na5 Rb8 44. Nc5 Ke8 45. Nab7 g6 46. d7+ Nxd7 47.
Re6+ 1-0

[Event "Mitropa Cup 17th"]
[Site "Montecatini Terme"]
[Date "1997.??.??"]
[Round "8"]
[White "Varga, Zoltan"]
[Black "Pavasovic, Dusko"]
[Result "1/2-1/2"]
[WhiteElo "2495"]
[BlackElo "2495"]
[PlyCount "20"]
[EventDate "1997.11.07"]
[EventType "team-tourn"]
[EventRounds "9"]
[EventCountry "ITA"]
[Source "ChessBase"]
[SourceDate "1998.03.09"]

1. d4 d5 2. Nf3 Nf6 3. c4 dxc4 4. Nc3 a6 5. a4 e6 6. e3 c5 7. Bxc4 Nc6 8. O-O
Qc7 9. d5 exd5 10. Nxd5 Nxd5 1/2-1/2

[Event "Mitropa Cup 17th"]
[Site "Montecatini Terme"]
[Date "1997.??.??"]
[Round "8"]
[White "Wirthensohn, Heinz"]
[Black "Rogic, Davor"]
[Result "1/2-1/2"]
[WhiteElo "2365"]
[BlackElo "2445"]
[PlyCount "24"]
[EventDate "1997.11.07"]
[EventType "team-tourn"]
[EventRounds "9"]
[EventCountry "ITA"]
[Source "ChessBase"]
[SourceDate "1998.03.09"]

1. c4 Nf6 2. Nc3 e5 3. Nf3 Nc6 4. d3 g6 5. g3 Bg7 6. Bg2 O-O 7. O-O d6 8. Rb1
a5 9. a3 h6 10. b4 axb4 11. axb4 Be6 12. b5 Ne7 1/2-1/2

[Event "Mitropa Cup 17th"]
[Site "Montecatini Terme"]
[Date "1997.??.??"]
[Round "8"]
[White "Zelcic, Robert"]
[Black "Forster, Richard"]
[Result "1/2-1/2"]
[WhiteElo "2530"]
[BlackElo "2460"]
[PlyCount "102"]
[EventDate "1997.11.07"]
[EventType "team-tourn"]
[EventRounds "9"]
[EventCountry "ITA"]
[Source "ChessBase"]
[SourceDate "1998.03.09"]

1. e4 c5 2. Nf3 d6 3. d4 cxd4 4. Nxd4 Nf6 5. Nc3 a6 6. Be2 e5 7. Nb3 Be7 8. O-O
O-O 9. a4 Be6 10. f4 exf4 11. Bxf4 Nc6 12. Kh1 Rc8 13. Nd4 Nxd4 14. Qxd4 Ne8
15. Rad1 Qa5 16. e5 dxe5 17. Bxe5 Nf6 18. Qf4 Nd7 19. Bd4 Bf6 20. Bxf6 Nxf6 21.
Bd3 Qh5 22. Rde1 Rc5 23. Qd4 Ng4 24. h3 Re5 25. Be2 Qh4 26. Kg1 Rd8 27. Qf4 Rf5
28. Qe4 Re5 29. Qf4 Rf5 30. Qb4 a5 31. Qb6 Ne5 32. Rd1 Rxf1+ 33. Bxf1 Rxd1 34.
Nxd1 h6 35. Qxb7 Qe1 36. Nf2 Nc4 37. Qa8+ Kh7 38. Qf3 Qc1 39. Nd3 Qxc2 40. Ne1
Qc1 41. Nd3 Qd2 42. Qe4+ g6 43. Nf4 Nxb2 44. Nxe6 fxe6 45. Qb7+ Kh8 46. Qa8+
Kg7 47. Qb7+ Kf6 48. Qf3+ Kg7 49. Qb7+ Kf6 50. Qf3+ Kg7 51. Qb7+ Kf6 1/2-1/2

[Event "Mitropa Cup 17th"]
[Site "Montecatini Terme"]
[Date "1997.??.??"]
[Round "9"]
[White "Balogh, Tomas"]
[Black "Neubauer, Martin"]
[Result "1/2-1/2"]
[WhiteElo "2390"]
[BlackElo "2315"]
[PlyCount "96"]
[EventDate "1997.11.07"]
[EventType "team-tourn"]
[EventRounds "9"]
[EventCountry "ITA"]
[Source "ChessBase"]
[SourceDate "1998.03.09"]

1. d4 e6 2. c4 d5 3. cxd5 exd5 4. Nc3 c5 5. Nf3 Nc6 6. g3 Nf6 7. Bg2 Be7 8. Bg5
cxd4 9. Nxd4 h6 10. Be3 O-O 11. Nxc6 bxc6 12. O-O Bg4 13. Rc1 Qd7 14. Na4 Rfe8
15. Re1 Bb4 16. Bd2 Bd6 17. Nc5 Bxc5 18. Rxc5 Ne4 19. Rc1 Bh3 20. Bf3 d4 21.
Bb4 Rac8 22. Bc5 Nxc5 23. Rxc5 Bg4 24. Bxg4 Qxg4 25. Qd3 Re6 26. f3 Qg6 27.
Qxd4 Rd6 28. Qc4 Rcd8 29. Rc1 Rd1+ 30. Kf2 Rxc1 31. Qxc1 Qe6 32. Qc4 Qh3 33.
Qh4 Qxh4 34. gxh4 Rd2 35. Rxc6 Rxb2 36. Rc8+ Kh7 37. Rc7 Rxa2 38. Rxf7 Kg6 39.
Rc7 a5 40. h5+ Kf6 41. Rc6+ Kf7 42. Ra6 a4 43. h3 a3 44. f4 Ra1 45. Kf3 Rh1 46.
Kg2 Re1 47. Kf2 Ra1 48. h4 Rh1 1/2-1/2

[Event "Mitropa Cup 17th"]
[Site "Montecatini Terme"]
[Date "1997.??.??"]
[Round "9"]
[White "Bellini, Fabio"]
[Black "Varga, Zoltan"]
[Result "0-1"]
[WhiteElo "2415"]
[BlackElo "2495"]
[PlyCount "94"]
[EventDate "1997.11.07"]
[EventType "team-tourn"]
[EventRounds "9"]
[EventCountry "ITA"]
[Source "ChessBase"]
[SourceDate "1998.03.09"]

1. e4 Nf6 2. Nc3 d5 3. e5 Nfd7 4. d4 c5 5. dxc5 e6 6. Nf3 Nc6 7. Bb5 Bxc5 8.
O-O O-O 9. Bg5 f6 10. exf6 Nxf6 11. Na4 Bd6 12. c4 Ne5 13. cxd5 Nxf3+ 14. Qxf3
Qa5 15. Qd3 a6 16. dxe6 axb5 17. Qxd6 Ra6 18. Qd3 bxa4 19. Bxf6 gxf6 20. e7 Re8
21. Rfe1 Be6 22. Qd4 Kf7 23. Qe4 Qf5 24. Qxb7 Rd6 25. Qb4 Rd5 26. Re3 Rb5 27.
Qh4 Rxb2 28. Rae1 Rxe7 29. g4 Qg6 30. f4 Rb1 31. h3 Rxe1+ 32. Qxe1 f5 33. Re5
Re8 34. Qf2 Bd7 35. Rd5 Qc6 36. Qd2 Be6 37. Ra5 Qb6+ 38. Kh2 Qd8 39. Qe1 fxg4
40. f5 Qc7+ 41. Kg1 Qb6+ 42. Kh2 Qb2+ 43. Kh1 Bxa2 44. Ra7+ Kg8 45. Rd7 Rc8 46.
Rd1 gxh3 47. Qg3+ Kh8 0-1

[Event "Mitropa Cup 17th"]
[Site "Montecatini Terme"]
[Date "1997.??.??"]
[Round "9"]
[White "Brod, Manfred"]
[Black "Helbich, Jan"]
[Result "1/2-1/2"]
[WhiteElo "2270"]
[BlackElo "2195"]
[PlyCount "37"]
[EventDate "1997.11.07"]
[EventType "team-tourn"]
[EventRounds "9"]
[EventCountry "ITA"]
[Source "ChessBase"]
[SourceDate "1998.03.09"]

1. e4 c5 2. Nf3 d6 3. d4 cxd4 4. Nxd4 Nf6 5. Nc3 a6 6. Be2 e6 7. O-O Be7 8. f4
Qc7 9. a4 Nc6 10. Be3 O-O 11. Kh1 Re8 12. Bg1 Bd7 13. Qd3 Rac8 14. Qg3 Bf8 15.
Rae1 Qa5 16. Nb3 Qc7 17. Nd4 Qa5 18. Nb3 Qc7 19. Nd4 1/2-1/2

[Event "Mitropa Cup 17th"]
[Site "Montecatini Terme"]
[Date "1997.??.??"]
[Round "9"]
[White "Czebe, Attila"]
[Black "Sarno, Spartaco"]
[Result "1/2-1/2"]
[WhiteElo "2480"]
[BlackElo "2400"]
[PlyCount "79"]
[EventDate "1997.11.07"]
[EventType "team-tourn"]
[EventRounds "9"]
[EventCountry "ITA"]
[Source "ChessBase"]
[SourceDate "1998.03.09"]

1. e4 d6 2. d4 Nf6 3. Bd3 e5 4. Ne2 exd4 5. Nxd4 Nc6 6. Nxc6 bxc6 7. O-O Be7 8.
Nc3 O-O 9. f4 Nd7 10. Be3 Bf6 11. Qd2 Re8 12. Rae1 Nf8 13. b3 Bd7 14. Be2 Qc8
15. Bf3 Qa6 16. Rd1 Rad8 17. Rfe1 Ne6 18. a4 Bc8 19. g3 Kh8 20. Bf2 Qa5 21. Ne2
Qxd2 22. Rxd2 c5 23. Red1 Bb7 24. Bg2 Rb8 25. Nc1 g5 26. e5 dxe5 27. Bxb7 Rxb7
28. fxe5 Bxe5 29. Nd3 Bd4 30. Re2 Rbb8 31. Ne5 Kg7 32. Nc6 Bxf2+ 33. Rxf2 Rb6
34. Nxa7 Nd4 35. Nb5 Nxb5 36. axb5 Kg6 37. c4 Re3 38. Rd7 c6 39. Rd6+ Re6 40.
Rxe6+ 1/2-1/2

[Event "Mitropa Cup 17th"]
[Site "Montecatini Terme"]
[Date "1997.??.??"]
[Round "9"]
[White "Forster, Richard"]
[Black "Prusikin, Michael"]
[Result "1/2-1/2"]
[WhiteElo "2460"]
[BlackElo "2450"]
[PlyCount "119"]
[EventDate "1997.11.07"]
[EventType "team-tourn"]
[EventRounds "9"]
[EventCountry "ITA"]
[Source "ChessBase"]
[SourceDate "1998.03.09"]

1. e4 c5 2. Nf3 e6 3. g3 Nc6 4. Bg2 Nf6 5. d3 d5 6. exd5 Nxd5 7. O-O Be7 8. Re1
O-O 9. Nbd2 Rb8 10. Nc4 b6 11. a4 Bb7 12. c3 Re8 13. Qb3 Ba8 14. h4 h6 15. Bd2
Bf6 16. Rad1 Qc7 17. Ne3 Nxe3 18. Bxe3 Rbd8 19. Bf4 Qc8 20. Qc2 Bb7 21. Qe2 Be7
22. Bc1 Bf8 23. Nd2 Nb8 24. Bxb7 Qxb7 25. Nc4 Nc6 26. Qg4 Kh8 27. Qf3 Qd7 28.
Bf4 Qd5 29. Qe4 Kg8 30. Kg2 Re7 31. Qxd5 Rxd5 32. Ne5 Nxe5 33. Rxe5 Rd8 34. Kf3
f6 35. Ree1 h5 36. d4 c4 37. Ra1 a6 38. Re4 Kf7 39. Rae1 Rd5 40. Rb1 Ra5 41. b3
cxb3 42. Rxb3 Rb7 43. c4 Rxa4 44. c5 e5 45. Be3 exd4 46. Bxd4 b5 47. Rc3 Rc7
48. Be3 Rxe4 49. Kxe4 Ke6 50. c6 b4 51. Rc4 b3 52. Bc1 g6 53. Rc3 f5+ 54. Kd3
Kd5 55. Rxb3 Rxc6 56. Be3 Ke6 57. Rb8 Ba3 58. Re8+ Kd5 59. Bd4 a5 60. Re5+
1/2-1/2

[Event "Mitropa Cup 17th"]
[Site "Montecatini Terme"]
[Date "1997.??.??"]
[Round "9"]
[White "Horvath, Csaba"]
[Black "Belotti, Bruno"]
[Result "0-1"]
[WhiteElo "2530"]
[BlackElo "2410"]
[PlyCount "78"]
[EventDate "1997.11.07"]
[EventType "team-tourn"]
[EventRounds "9"]
[EventCountry "ITA"]
[Source "ChessBase"]
[SourceDate "1998.03.09"]

1. d4 d6 2. e4 Nf6 3. Nc3 g6 4. Be3 c6 5. h3 Nbd7 6. f4 Bg7 7. g4 Qa5 8. Bg2 b5
9. Nge2 Bb7 10. O-O b4 11. Nb1 d5 12. e5 Ne4 13. Nd2 f5 14. a3 bxa3 15. Rxa3
Qd8 16. Nxe4 dxe4 17. gxf5 gxf5 18. Ng3 O-O 19. Qh5 e6 20. Nxe4 fxe4 21. Bxe4
Rf5 22. Bxf5 exf5 23. Qxf5 Qe7 24. c4 Nb6 25. Rc3 Kh8 26. Qh5 Rg8 27. Kh2 Qb4
28. Bc1 c5 29. Rg3 Qxc4 30. Qd1 cxd4 31. b3 Qb5 32. Rfg1 Nd7 33. Bb2 Nf8 34.
Qxd4 Qc6 35. Qf2 Qe4 36. f5 Bxe5 37. Bxe5+ Qxe5 38. Qd4 Rg7 39. Qxe5 Ng6 0-1

[Event "Mitropa Cup 17th"]
[Site "Montecatini Terme"]
[Date "1997.??.??"]
[Round "9"]
[White "Le Roux, Jean Pierre"]
[Black "Krupkova, Petra"]
[Result "1-0"]
[WhiteElo "2265"]
[BlackElo "2275"]
[PlyCount "115"]
[EventDate "1997.11.07"]
[EventType "team-tourn"]
[EventRounds "9"]
[EventCountry "ITA"]
[Source "ChessBase"]
[SourceDate "1998.03.09"]

1. e4 c5 2. Nf3 d6 3. c3 Nf6 4. Be2 Nbd7 5. d3 b6 6. O-O Bb7 7. a4 a6 8. Na3 e6
9. h3 Be7 10. Bf4 O-O 11. Re1 e5 12. Bh2 Re8 13. Qb3 h6 14. Nc4 Bf8 15. Ne3 Bc6
16. Bg3 Qc7 17. Nh4 b5 18. Nd5 Qb7 19. Bf3 Nh7 20. axb5 axb5 21. Nf5 g6 22.
Rxa8 Qxa8 23. Nfe3 Qa7 24. Nc2 Ra8 25. Ra1 Qb7 26. Rxa8 Qxa8 27. Qa3 Nhf6 28.
Qxa8 Bxa8 29. Nc7 Bc6 30. b4 c4 31. dxc4 bxc4 32. Ne3 Bxe4 33. Nxc4 Bxf3 34.
gxf3 Nb8 35. f4 Ne4 36. fxe5 Nxg3 37. fxg3 dxe5 38. Nd5 Bg7 39. g4 f6 40. Nd6
h5 41. gxh5 gxh5 42. c4 f5 43. Nxf5 Bf8 44. Kg2 Kf7 45. Kf3 Ke6 46. Nfe3 Nc6
47. Nc2 Kf5 48. Nce3+ Ke6 49. b5 Na5 50. Ke4 Bc5 51. Kd3 Bd4 52. Nf1 Kf5 53.
Ng3+ Kg5 54. c5 h4 55. Ne4+ Kf5 56. c6 Ke6 57. c7 Kd7 58. Nd6 1-0

[Event "Mitropa Cup 17th"]
[Site "Montecatini Terme"]
[Date "1997.??.??"]
[Round "9"]
[White "Mantovani, Renzo"]
[Black "Acs, Peter"]
[Result "1/2-1/2"]
[WhiteElo "2375"]
[BlackElo "2460"]
[PlyCount "72"]
[EventDate "1997.11.07"]
[EventType "team-tourn"]
[EventRounds "9"]
[EventCountry "ITA"]
[Source "ChessBase"]
[SourceDate "1998.03.09"]

1. e4 e5 2. Nf3 Nc6 3. Bc4 Bc5 4. c3 Nf6 5. Qe2 d6 6. d3 h6 7. Nbd2 O-O 8. Bb3
Nh5 9. Nf1 Be6 10. g4 Nf4 11. Bxf4 exf4 12. d4 Bxb3 13. axb3 Bb6 14. N1d2 d5
15. O-O-O Re8 16. Qd3 dxe4 17. Nxe4 Qd5 18. Ned2 Ne5 19. Rhe1 Ng6 20. Kc2 c5
21. Qf5 Qxf5+ 22. gxf5 Nf8 23. Nc4 cxd4 24. Nxb6 axb6 25. Rxd4 Rxe1 26. Nxe1
Ra1 27. Kd2 g5 28. Rd6 Kg7 29. Rxb6 Nd7 30. Rxb7 Nc5 31. Rb6 Ne4+ 32. Ke2 g4
33. f3 g3 34. hxg3 Nxg3+ 35. Kf2 Nh1+ 36. Ke2 Ng3+ 1/2-1/2

[Event "Mitropa Cup 17th"]
[Site "Montecatini Terme"]
[Date "1997.??.??"]
[Round "9"]
[White "Marzolo, Cyril"]
[Black "Orsag, Milan"]
[Result "0-1"]
[WhiteElo "2320"]
[BlackElo "2350"]
[PlyCount "75"]
[EventDate "1997.11.07"]
[EventType "team-tourn"]
[EventRounds "9"]
[EventCountry "ITA"]
[Source "ChessBase"]
[SourceDate "1998.03.09"]

1. d4 d5 2. c4 e6 3. Nc3 c5 4. e3 Nf6 5. Nf3 a6 6. dxc5 Bxc5 7. cxd5 exd5 8.
Be2 O-O 9. O-O Nc6 10. b3 Re8 11. Bb2 Qd6 12. Qd2 Bg4 13. h3 Be6 14. Rfd1 Rad8
15. Bf1 Ba7 16. Rac1 h6 17. Ne2 Ne4 18. Qe1 Bb8 19. g3 Qd7 20. Kh2 Bd6 21. Ned4
Ne5 22. Nxe5 Bxe5 23. Bg2 Qe7 24. f4 Bd6 25. Bxe4 dxe4 26. Qc3 f6 27. Qa5 Bb4
28. Qb6 Bc8 29. Rc7 Qd6 30. Qxd6 Rxd6 31. Rc4 Ba5 32. Rdc1 Bd7 33. Ba3 Rd5 34.
Bb4 Bxb4 35. Rxb4 b5 36. Rc7 a5 37. Rxd7 Rxd7 38. Rxb5 0-1

[Event "Mitropa Cup 17th"]
[Site "Montecatini Terme"]
[Date "1997.??.??"]
[Round "9"]
[White "Moor, Roger"]
[Black "Naumann, Alexander"]
[Result "1/2-1/2"]
[WhiteElo "2280"]
[BlackElo "2385"]
[PlyCount "127"]
[EventDate "1997.11.07"]
[EventType "team-tourn"]
[EventRounds "9"]
[EventCountry "ITA"]
[Source "ChessBase"]
[SourceDate "1998.03.09"]

1. e4 c5 2. Nf3 Nc6 3. d4 cxd4 4. Nxd4 Nf6 5. Nc3 d6 6. Bc4 Qb6 7. Nb3 e6 8.
Be3 Qc7 9. f4 a6 10. Bd3 Be7 11. Qf3 b5 12. g4 Bb7 13. g5 Nd7 14. Qf2 Nb4 15.
O-O Nc5 16. Rad1 O-O 17. f5 exf5 18. Qxf5 g6 19. Qf4 Ne6 20. Qg3 Rfe8 21. Nd4
Bxg5 22. Bxg5 Nxd4 23. Rf2 Ne6 24. Bh6 d5 25. exd5 Nxd5 26. Nxd5 Bxd5 27. Bxg6
hxg6 28. Rxd5 Qxg3+ 29. hxg3 Rad8 30. Rfd2 Rxd5 31. Rxd5 Rc8 32. c3 Rc5 33.
Rxc5 Nxc5 34. Be3 Ne4 35. Kg2 f5 36. Kf3 Kf7 37. g4 Ke6 38. gxf5+ Kxf5 39. Ba7
Ke5 40. Bb8+ Kd5 41. Ke3 Nc5 42. b3 a5 43. Ba7 Nd7 44. Kf4 a4 45. Bd4 Nf8 46.
Ba7 Ne6+ 47. Ke3 g5 48. Kf3 Ke5 49. Kg4 Ke4 50. bxa4 bxa4 51. c4 Kd3 52. Kf5
Nd8 53. Kxg5 Kxc4 54. Kf4 Kb4 55. Ke3 Nc6 56. Bb6 Ka3 57. Bc5+ Kxa2 58. Kd2 Kb2
59. Bd6 Na5 60. Bf8 Nc4+ 61. Kd1 Ne3+ 62. Kd2 Nc2 63. Be7 a3 64. Bxa3+ 1/2-1/2

[Event "Mitropa Cup 17th"]
[Site "Montecatini Terme"]
[Date "1997.??.??"]
[Round "9"]
[White "Palac, Mladen"]
[Black "Mohr, Georg"]
[Result "0-1"]
[WhiteElo "2575"]
[BlackElo "2480"]
[PlyCount "75"]
[EventDate "1997.11.07"]
[EventType "team-tourn"]
[EventRounds "9"]
[EventCountry "ITA"]
[Source "ChessBase"]
[SourceDate "1998.03.09"]

1. e4 c6 2. d4 d5 3. Nc3 g6 4. h3 Bg7 5. Nf3 Nh6 6. Bf4 f6 7. exd5 cxd5 8. Nb5
Na6 9. c4 O-O 10. Nc3 e6 11. Qb3 Re8 12. cxd5 exd5+ 13. Be2 g5 14. Bh2 Nf7 15.
O-O Re7 16. Rfe1 Be6 17. Bxa6 bxa6 18. Qa3 Bf8 19. Qxa6 Qd7 20. Re3 Kg7 21.
Rae1 Rae8 22. Qb5 Nd8 23. Qxd7 Rxd7 24. Nb5 Kf7 25. Rc1 Rb7 26. Rc7+ Rxc7 27.
Nxc7 Re7 28. Nd2 Rd7 29. Nb3 Bf5 30. Rc3 Nb7 31. Rc6 a5 32. Rb6 Nd6 33. Nxd5
Ne4 34. Ne3 Bg6 35. f3 a4 36. Na5 Nc5 37. Nec4 Rxd4 38. Bd6 0-1

[Event "Mitropa Cup 17th"]
[Site "Montecatini Terme"]
[Date "1997.??.??"]
[Round "9"]
[White "Pavasovic, Dusko"]
[Black "Zelcic, Robert"]
[Result "1-0"]
[WhiteElo "2495"]
[BlackElo "2530"]
[PlyCount "65"]
[EventDate "1997.11.07"]
[EventType "team-tourn"]
[EventRounds "9"]
[EventCountry "ITA"]
[Source "ChessBase"]
[SourceDate "1998.03.09"]

1. e4 c6 2. c4 d5 3. exd5 cxd5 4. cxd5 a6 5. Nc3 Nf6 6. Qa4+ Nbd7 7. d4 g6 8.
Be2 Bg7 9. Bf3 O-O 10. Qb3 Nb6 11. a4 a5 12. Bf4 Bg4 13. Bxg4 Nxg4 14. Nf3 Nf6
15. d6 Nh5 16. dxe7 Qxe7+ 17. Be3 Qb4 18. Qc2 Nc4 19. O-O Rac8 20. Rab1 Rfe8
21. Rfe1 h6 22. Re2 Re6 23. Qd3 Nxb2 24. Rexb2 Qxc3 25. Qxc3 Rxc3 26. Rxb7 Rc4
27. Rb8+ Kh7 28. h3 Rxa4 29. R1b7 Ra1+ 30. Kh2 a4 31. Ra8 Nf6 32. Rxf7 Re8 33.
Raa7 1-0